000 01170nam a2200217Ia 4500
003 Ost
005 20260507075028.0
008 260507s9999||||xx |||||||||||||| ||und||
040 _cfsecg
041 _aara
082 _a330
100 _aحمادة، محمد أنور
_eمؤلف
245 0 _aالحماية الجنائية للأموال العامة :
_bفي جرائم الإختلاس، الإستيلاء، التربح والإضرار /
_c محمد أنور حمادة
260 _aالإسكندرية:
_bدار الفكر الجامعي,
_c2002
300 _a133 صفحة؛
_bإيضاحات ؛
_c24 سم
520 _aالمال العام والموظف العام، إختلاس المال العام، الإستيلاء على المال العام، التربح من المال العام، الإضرار بالمال العام، الإهمال في المال العام، الإعفاء من العقاب والتخفيف، القواعد الإجرائية و المال العام
653 _aالأموال العامة
653 _aالحماية الجنائية
653 _aالحماية القانونية
942 _cكتاب
999 _c42365
_d42365